[Event "Zhong Hong Real Estate Cup"]
[Site "Beijing"]
[Date "2001.07.25"]
[Round "6"]
[White "Zhang, Pengxiang"]
[Black "Liang, Chong"]
[Result "1-0"]
[WhiteElo "2487"]
[BlackElo "2556"]
[Annotator "Rogozenco,D"]
[PlyCount "45"]
[EventDate "2001.07.20"]
[EventType "tourn"]
[EventRounds "11"]
[EventCountry "CHN"]
[EventCategory "10"]
[SourceTitle "CBM 085"]
[Source "ChessBase"]
[SourceDate "2001.11.13"]
[SourceVersion "1"]
[SourceVersionDate "2001.11.13"]
[SourceQuality "1"]

1. e4 c5 2. Nf3 d6 3. d4 cxd4 4. Nxd4 Nf6 5. Nc3 g6 6. Be3 Bg7 7. f3 Nc6 8. Bc4
Qb6 {A very dangerous and dubious line.} 9. Nf5 $1 {Black wins a pawn, but
White will have a very strong compensation with the bishop pair. Also trading
the dark-squared bishop for the knight even winning a pawn is not every
Dragon's player dream,} Qxb2 10. Nxg7+ Kf8 11. Nd5 Nxd5 (11... Kxg7 {I am
tempting to say that this is even worse than the game, but the game is bad
enough... The following example would be a very typical one:} 12. Rb1 Qa3 13.
Qd2 h5 14. O-O Qa5 15. c3 Nxd5 16. exd5 Ne5 17. Bd4 f6 18. Rfe1 Nxc4 19. Rxe7+
Kf8 20. Qf4 Bf5 21. Rbxb7 Ne5 22. Be3 Kg8 23. Rg7+ Kf8 24. Rge7 Kg8 25. Rg7+
Kf8 26. Rxg6 Qxd5 27. Rxf6+ Ke8 28. Qxf5 Qxb7 29. Re6+ Kd8 30. Bg5+ Kc7 31.
Re7+ Kb8 32. Rxb7+ Kxb7 33. Be7 $18 {1-0 Hellers,F-Ernst,T/Nordic zt 1992/ (43)
}) 12. Bxd5 Kxg7 (12... Qc3+ 13. Kf2 Kxg7 14. Rb1 {It hardly helps Black - the
king is safe on f2 and Black is facing same problems - bad development,
exposed queen and weak king.}) 13. O-O Qc3 14. Re1 {To defend such a position
with Black one should be a born optimist.} (14. Qc1 {is also possible:} h5 15.
Rb1 f6 16. Rb3 Qa5 17. Qb2 Qc7 18. f4 $44 Rb8 19. e5 dxe5 20. Bxc6 Qxc6 21.
fxe5 Rf8 22. exf6+ exf6 23. Rc3 Qe8 24. Rc7+ Bd7 25. Bxa7 Rc8 26. Rxb7 Rf7 27.
Bd4 $18 {1-0 Muhutdinov,M-Shvedchikov,A/Moscow 1992 (41)}) 14... f6 15. Rb1 Nd8
$146 {This novelty is probably worse than the previous plan with bringing the
queen back to c7.} 16. f4 {White goes for immediate break with e4-e5, using
the fact that Black weakend control over e5.} e6 17. e5 {A very direct
approach which worked out. However, White does not need all these
complications.} (17. Bd4 Qc7 18. f5 $5 $44 exd5 $140 19. Bxf6+ Kxf6 20. Qd4+
Kg5 21. Qxh8 {is winning of course.}) (17. Bb3 $44 {Still a very good
compensation for the pawn.}) 17... dxe5 $2 ({Black had to accept the sacrifice.
Now in the most logical follow up he can hold:} 17... exd5 18. exf6+ Kf7 (18...
Kf8 $5) 19. Bd4 Qc4 20. Re7+ Kf8 21. c3 Bf5 {Black needs to cover e-file with
Be4, so it looks all forced.} 22. Qe1 Be4 23. Qh4 h6 24. f7 (24. Rb2 b6 25. f7
g5 26. fxg5 Kxe7 27. g6+ Kd7 28. Bxh8 Nxf7 {now this move is possible, because
there is no Rxb7.} 29. gxf7 Rxh8) 24... g5 25. fxg5 Kxe7 26. g6+ Kd7 {and
thanks to the threat Qxa2 attacking both b1 and g2 Black seems to defend:} 27.
Bxh8 Qxa2 28. Qh3+ Ne6 29. Rf1 $5 (29. Rxb7+ Kc6 30. g7 Qa1+ 31. Kf2 Qd1 $5 32.
Rb2 Nxg7 33. Bxg7 Qc1 {[%cal Gc1f4,Gf4f7]}) 29... Bxg2 $1 (29... Qxg2+ 30. Qxg2
Bxg2 31. g7 $1 Nxg7 $18) 30. Qxg2 Qxg2+ 31. Kxg2 Rxh8 32. g7 (32. f8=Q {
This does not work because white king is on the g-file!:} Nxf8 33. g7 Rg8 $1 {
and the pawn is pinned}) 32... Nxg7 33. f8=Q Rxf8 34. Rxf8 Ne6 35. Rf7+ $1 Kc6
36. Rf6 {And White is better, but Black should be able to draw.}) 18. fxe5 fxe5
({Now it does not work, because the diagonal c1-h6 is open.} 18... exd5 19.
exf6+ Kf7 (19... Kg8 20. Bd4 Qc6 21. Re7 $18) (19... Kf8 20. Bh6+ $18) 20. Bd4
Qc4 21. Re7+ Kf8 22. Qd2 $18 {[%csl Rf8][%cal Gd2e3,Gb1e1,Ge1e8] Black cannot
protect against the invasion on e8 with mate.}) 19. Qf3 $1 $18 {Continuing in
the same tactical manner.} Qc7 (19... exd5 20. Bh6+ Kxh6 21. Qxc3 $18) 20. Rf1
Qe7 21. Be4 Re8 (21... Nf7 22. Bc1 $18 {A nice typical move, switching
diagonals.}) 22. Qg3 $1 {Very nice position: White is two pawns down, but
total domination.} Kg8 (22... Qc7 23. Bd4 $1) 23. Bxg6 1-0

[Event "Minneapolis HB Global op"]
[Site "Minneapolis"]
[Date "2005.05.20"]
[Round "4"]
[White "Motylev, Alexander"]
[Black "Hernandez, Albert"]
[Result "1-0"]
[WhiteElo "2680"]
[BlackElo "2323"]
[Annotator "Rogozenco,D"]
[PlyCount "71"]
[EventDate "2005.05.18"]
[EventType "swiss"]
[EventRounds "9"]
[EventCountry "USA"]
[SourceTitle "CBM 107"]
[Source "ChessBase"]
[SourceDate "2005.08.01"]
[SourceVersion "1"]
[SourceVersionDate "2005.08.01"]
[SourceQuality "1"]

1. e4 c5 2. Nf3 d6 3. d4 cxd4 4. Nxd4 Nf6 5. Nc3 g6 6. Be3 Bg7 7. f3 a6 {
Playing ...a6 in Dragon is traditionally considered to be too slow for Black
to create counterplay.} 8. Qd2 h5 {Another dubious move. Sooner or later the
weaknesses on the kingside will be fatal for Black.} (8... Nbd7 {is the usual
continuation.}) ({In case of} 8... b5 {unpleasant is} 9. Nd5 Nxd5 10. exd5 Bb7
11. a4 $1) 9. O-O-O Nbd7 10. Bg5 $5 ({White usually played} 10. Bc4 {but as
Motylev shows, with the pawn on h5 Black's position is seriously damaged and
White can employ a central strategy.}) 10... Qc7 11. Bd3 b5 12. Rhe1 (12. Nd5
$2 Nxd5 13. exd5 Bxd4) 12... Bb7 13. Nd5 $16 {White finished development and
starts concrete actions.} Bxd5 (13... Nxd5 14. exd5 O-O (14... Bxd4 15. Rxe7+
Kf8 16. Qf4 $18) 15. Nc6 (15. Rxe7 Bxd4 16. Bxg6 fxg6 17. Qxd4 Rf7 18. Rxf7
Kxf7 19. Re1 Ne5 (19... Re8 20. Qf4+ $18) 20. f4 Rc8 21. Qd2 Nc4 22. Qc3 $16) (
15. Bxg6 fxg6 16. Ne6 Qc4 17. Nxg7 Qxa2 18. Qd4 $13) 15... Bxc6 16. dxc6 Nf6 (
16... Qxc6 17. Be4 $18) (16... Ne5 17. f4 Nxd3+ 18. Qxd3 Rfe8 19. f5 $16) 17.
g4 hxg4 18. fxg4 $16) 14. exd5 Ne5 (14... Nxd5 15. Bxg6 $18) (14... O-O 15. Bh6
Ne5 16. Bxg7 Kxg7 17. Qg5 Nxd3+ 18. Rxd3 {[%cal Gd4f5]} Kh7 19. Nc6 Rfe8 20. g4
$18) 15. f4 $1 Nxd3+ 16. Qxd3 O-O (16... Nxd5 17. Nxb5 axb5 18. Qxb5+ $18) 17.
f5 $18 {Due to the weakened queenside structure Black is unable to hold the
position.} Nxd5 18. fxg6 Nb4 (18... Rac8 19. Qb3 Qc4 20. Qxc4 Rxc4 21. Nf5 Nb4
22. c3 Nxa2+ 23. Kb1 Bxc3 24. Bh6 $5 $18) 19. Qb3 Qc4 20. Bxe7 Rfc8 21. gxf7+
Kxf7 22. Bxd6 Qxb3 23. axb3 Nc6 (23... Bxd4 24. Bxb4 $18) 24. Nf5 Bf6 25. Bg3 {
Two pawns up in endgame is of course easy win for White.} Rd8 26. Nd6+ Kg8 27.
Re6 Bg5+ 28. Kb1 Ra7 29. h4 Be7 30. c4 Bf8 31. Rd5 Rg7 32. Nf5 Rf7 33. Nh6+
Bxh6 34. Rxd8+ Nxd8 35. Rxh6 Rf1+ 36. Ka2 1-0

[Event "Bermuda"]
[Site "Bermuda"]
[Date "2004.01.25"]
[Round "10"]
[White "Macieja, Bartlomiej"]
[Black "Shabalov, Alexander"]
[Result "1-0"]
[WhiteElo "2653"]
[BlackElo "2623"]
[Annotator "Rogozenco,D"]
[PlyCount "51"]
[EventDate "2004.01.15"]
[EventType "tourn"]
[EventRounds "10"]
[EventCountry "BER"]
[EventCategory "16"]
[SourceTitle "CBM 099"]
[Source "ChessBase"]
[SourceDate "2004.03.30"]
[SourceVersion "1"]
[SourceVersionDate "2004.03.30"]
[SourceQuality "1"]

1. e4 c5 2. Nf3 Nc6 3. Nc3 g6 4. d4 cxd4 5. Nxd4 Bg7 6. Be3 d6 7. Qd2 Nf6 8. f3
h5 $6 {[%mdl 4] This ultra-modern approach is nowadays occasionally seen in
other Sicilians (for instance in some lines of Najdorf Variation).
Nevertheless, in Dragon such things can hardly succeed. The explanation is
that in Dragon Variation White's control in the center is event better than in
other Sicilians. He will arrange rooks on d1 and e1 and will have a strong
pressure on the central files. Unlike in other Sicilians, here Black usually
cannot remove the pawn from e7, since that would create visible weaknesses on
the d-file (of course, there are exceptions). As a result, White has always
better control over square d5 (and d4!). So in order to neutralize White's
central pressure, Black should create counterplay on the queenside. When White
develops harmoniously his pieces in the center (castle long, Bc4-b3, Rhe1),
it's not easy at all for Black to succeed in creating his queenside
counterplay. And without connecting his rooks, Black has practically no
chances. Thus any queenside actions with black king in the center will fail.
At some moment Black would have to castle short anyway. In that case, the pawn
on h5 is justified only with white pawn on h4. Otherwise White always keeps
the option to start a kingside attack by playing h3 and g4, like in our case. 
Concluding all mentioned above, after the move 8...h5 Black might always have
problems with the king (in the center he is much worse, queenside actions will
not succeed and the kingside is very vulnerable). White's plan is to develop
pieces in the center and keep the option to play h3 and g4. The present game
is a model one in that respect.} 9. O-O-O ({A different, but also effective
approach was demonstrated in the following game:} 9. Bc4 Bd7 10. Bb3 Na5 11.
O-O {Basically, here White intends to play only in the center. Black king can
be relatively safe on the kingside, but the move h5 is pretty ugly anyway. Any
central strategy from White will have bigger impact on Black's position For
instance he has square g5 in his possession, the advance of f-pawn will be
extremely unpleasant for Black. Finally, accidents like in the game are also a
logical consequence of ...h5.} Rc8 12. Nd5 Nxd5 13. exd5 Qc7 (13... O-O 14. f4
$5 $16 (14. Rae1) (14. Kh1 $16)) 14. Qd3 Nc4 $2 15. Ne6 $1 {Very nice. Black
is punished for his careless strategy.} fxe6 16. dxe6 Bxe6 17. Qxg6+ Kd7 18.
Qxg7 Rhg8 19. Qd4 a6 20. Rf2 $18 h4 21. Qxh4 {1-0 Becerra Rivero,J-Shabalov,A/
Virginia Beach 2003}) 9... Bd7 10. Bc4 (10. Kb1 Rb8 (10... a6 11. Nd5 {why
hurry with this move?} (11. h3) 11... O-O 12. Nxf6+ Bxf6 13. h4 $6 (13. Nb3
$142) 13... Qb6 14. c3 Qa5 15. Nb3 Qa4 {Zhang Pengxiang-Shabalov,A/Shanghai
2002. Here White failed in his opening strategy. Black is well developed (in
opposite to his opponent), the rooks are connected and White's quick attack
with g2-g4 involve some material sacrifices. Difficult to say whether White is
worse, but he deefinitely could have done better than this.}) 11. h3 a6 12. Qf2
Qc8 13. Be2 b5 14. g4 b4 15. Nd5 Nxd5 16. exd5 Na5 17. Rhe1 Bf6 18. Bf4 Kf8 19.
Qe3 $16 {White has a big strategical advantage, which he converted into a full
point, Filipenko,A-Motylev,A/Ekaterinburg 1996.}) 10... Rc8 11. Bb3 a6 (11...
Na5 12. Kb1 Nc4 (12... a6 13. h3 h4 14. Rhe1 Rh5 15. Nde2 Nc4 16. Bxc4 Rxc4 17.
b3 Rc8 18. Nf4 Re5 19. Nfd5 Nxd5 20. Nxd5 Be6 21. Nf4 Qd7 22. Bd4 Qc6 23. Nd3
f6 24. Nxe5 dxe5 25. Bb2 b5 26. Re2 Kf7 27. Qe1 Ra8 28. Red2 g5 29. Rd8 Ra7 30.
R1d3 a5 31. Qe3 Qa6 32. Rb8 a4 33. Rb6 Qa5 34. Bc3 {1-0 Khalifman,A-Shabalov,A/
Moscow 2001/CBM 86 (34)}) 13. Bxc4 Rxc4 14. Rhe1 O-O 15. Nb3 (15. h3 $5) 15...
Qc7 16. Bh6 (16. h3 $5) 16... Bxh6 17. Qxh6 Rc8 18. Qg5 a6 19. e5 dxe5 20. Rxe5
Bf5 21. Rxf5 Nh7 22. Qe3 Rxc3 (22... gxf5 23. Nd5) 23. Qxc3 gxf5 24. Qd3 $14 {
1/2-1/2 Naumann,A-Shabalov,A/Bad Wiessee 2002 (45)}) 12. Rhe1 O-O 13. Kb1 Re8
14. h3 {Big problems for Black.} Qa5 (14... h4 {[%csl Rh4]} 15. Nxc6 $16 {
[%cal Ge3g5]} (15. Qf2 $5)) 15. g4 Ne5 $6 {This is bad, but on the other hand
is difficult to advise any sensible plan.} 16. Bh6 $16 Bh8 17. f4 Nc4 18. Bxc4
Rxc4 19. Nb3 $18 {[%csl Rd7][%cal Ge4e5,Gd2d7] Simple and nice. A total
failure of Black's opening strategy.} Qd8 20. e5 Nxg4 21. hxg4 Bxg4 22. exd6
Kh7 23. Bg5 f6 24. Qd5 Rxc3 25. Qf7+ Bg7 26. Bxf6 1-0

[Event "USA-CHN Summit 2nd"]
[Site "Shanghai"]
[Date "2002.07.11"]
[Round "1"]
[White "Zhang, Pengxiang"]
[Black "Shabalov, Alexander"]
[Result "0-1"]
[WhiteElo "2550"]
[BlackElo "2624"]
[Annotator "Rogozenco,D"]
[PlyCount "62"]
[EventDate "2002.07.11"]
[EventType "team"]
[EventRounds "4"]
[EventCountry "CHN"]
[SourceTitle "CBM 091"]
[Source "ChessBase"]
[SourceDate "2002.11.12"]
[SourceVersion "1"]
[SourceVersionDate "2002.11.12"]
[SourceQuality "1"]

1. e4 c5 2. Nf3 d6 3. d4 cxd4 4. Nxd4 Nf6 5. Nc3 g6 6. Be3 Bg7 7. f3 Nc6 8. Qd2
h5 {This rare move, not even mentioned in the Encyclopedia of Chess Openings,
was already used by Shabalov. Its idea is obvious - to delay castle short and
prevent for the moment any of White's activity on the kingside. I doubt its
objective value. White must concentrate his forces for a play in the center
now.} 9. O-O-O {I see no reasons why shouldn't White develop pieces in the
most active way: Bc4 and Rhe1.} (9. Bc4 Bd7 10. Bb3 (10. O-O-O Ne5 11. Bb3 Rc8
12. Kb1 a6 13. Nde2 b5 14. Nf4 Nc4 15. Bxc4 bxc4 16. Nfd5 Nxd5 17. exd5 Rb8 18.
Bd4 Bxd4 19. Qxd4 O-O 20. Qxc4 Qb6 21. b3 Rfc8 22. Qd3 a5 23. Rhe1 Bf5 24. Ne4
a4 $44 {0-1 Kadziolka,B-Starostits,I/Olomouc CZE 2002 (60)}) 10... Rc8 11.
O-O-O Na5 12. Kb1 a6 13. h3 $1 {Before starting a play in the center White
provokes the advance of Black's pawn to h4, where it can be an easy target
later, especially if Black will castle.} h4 14. Rhe1 Rh5 (14... Nc4 $5) (14...
b5 $5) 15. Nde2 Nc4 16. Bxc4 Rxc4 17. b3 Rc8 18. Nf4 Re5 $2 (18... Ra5 $5) 19.
Nfd5 Nxd5 20. Nxd5 Be6 21. Nf4 Qd7 22. Bd4 Qc6 23. Nd3 f6 24. Nxe5 dxe5 25. Bb2
$18 {1-0 Khalifman,A-Shabalov,A/Moscow 2001/ (34), rapid game.}) 9... Bd7 10.
Kb1 a6 (10... Rc8 11. Nxc6 bxc6 12. Bc4 Qc7 13. Bg5 Rb8 14. Bb3 Bc8 15. Rhe1
Nd7 16. f4 Nc5 17. f5 $36 {1-0 Kobalija,M-Aseev,K/Moscow 2001 (22)}) 11. Nd5 $6
O-O 12. Nxf6+ Bxf6 13. h4 Qb6 {Now everything looks fine for Black. Even the
move ...h5 is absolutely justified.} 14. c3 Qa5 15. Nb3 Qa4 16. g4 $2 {Even
with white bishop on b3 and knight on d4 such an attack succeeds in less than
50% cases. All the more here, when it is absoultely not justified. I must draw
the attention to the fact that already at this point Zhang Pengxiang was in
severe time trouble with less than 5 minutes left on the clock (without taking
into consideration the 30-seconds increment per move, which makes his
situation somewhat better, but still extremely difficult). Any of the quiet
alternatives were better for White than the game move.} (16. Bd3 Ne5 $1) (16.
Nc1 {[%cal Gf1d3,Gd3c2]}) (16. Bg5 $5) 16... hxg4 17. h5 Ne5 $5 18. Nd4 (18.
hxg6 Nxf3 (18... Nxg6 $2 19. Qh2 $40) 19. Qd5 $5 {[%cal Gd5h5]} (19. gxf7+ Rxf7
20. Qd5 $2 Bc6 $19 {[%csl Re4]}) 19... Ne5 $1 $17 (19... Bc6 20. Qh5 Bxe4+ 21.
Bd3 $18)) 18... gxf3 19. b3 Qa5 20. hxg6 fxg6 21. Bf4 Rac8 $19 {White lost
material and has no pieces for attack. More than that, Black has a good play
on the open c-file.} 22. Bxe5 (22. Qh2 Kf7 (22... Bg7 $5) 23. Qh7+ Ke8 24. Bxe5
Bxe5 25. Qxg6+ Kd8 $19) 22... Qxe5 23. Bc4+ Rxc4 $1 (23... e6 24. Qh6 {would
have give White some hopes to complicate matters.}) 24. bxc4 Bc6 25. Kb2 (25.
Nxc6 bxc6 $17 {[%csl Rb1,Rc3,Rc4,Re4] /-+}) 25... Bxe4 26. Rde1 Bg5 27. Qf2 Rf4
{All Black's pieces are protected and active at the same time!} 28. Rh3 Bf6 29.
Re3 Qc5 30. Nb3 Qxc4 31. Qh2 f2 0-1

[Event "FIDE World Cup"]
[Site "Khanty-Mansiysk"]
[Date "2005.12.02"]
[Round "2.4"]
[White "Erenburg, Sergey"]
[Black "Sakaev, Konstantin"]
[Result "0-1"]
[WhiteElo "2582"]
[BlackElo "2668"]
[Annotator "Rogozenco,D"]
[PlyCount "54"]
[EventDate "2005.11.27"]
[EventType "k.o."]
[EventRounds "7"]
[EventCountry "RUS"]
[SourceTitle "CBM 111"]
[Source "ChessBase"]
[SourceDate "2006.04.04"]
[SourceVersion "1"]
[SourceVersionDate "2006.04.04"]
[SourceQuality "1"]

1. e4 c5 2. Nf3 d6 3. d4 cxd4 4. Nxd4 Nf6 5. Nc3 g6 6. Be3 Bg7 7. f3 a6 {
A rare line, which recently became relatively popular. Botvinnik used it in
the past few time. Nowadays it is mainly played by Cheparinov, but also
occasionally by other Grandmasters. The main advantage of the ...a6 and ...b5
plan is the absence of theory, comparing to the deeply studied claccical plan
with ...Nc6 and ...Bd7.} 8. Qd2 ({I think that it makes sense for White to
start with} 8. Bc4) 8... Nbd7 ({In the same tournament few days earlier,
Sakaev's mate Khalifman won an important rapid game to finish the match in his
favour as well:} 8... b5 $5 {(prevents Bc4)} 9. O-O-O Bb7 10. Bh6 Bxh6 11. Qxh6
Nbd7 12. Kb1 Rc8 13. Qd2 (13. h4 $5) 13... b4 14. Nce2 Qb6 15. h4 h5 16. Nc1 d5
17. exd5 Nxd5 18. Re1 e5 19. Ndb3 a5 20. Nd3 O-O 21. Qf2 Qc7 $17 {0-1 Inarkiev,
E (2577)-Khalifman,A (2653)/Khanty Mansiysk 2005 (37)}) 9. g4 ({Again White
could play} 9. Bc4) (9. O-O-O b5 10. Nc6 Qc7 11. Nb4 Bb7 12. g4 h6 13. h4 Rc8
14. Rh3 Qa5 15. a3 Ne5 16. g5 hxg5 17. hxg5 Nfd7 18. Rxh8+ Bxh8 19. Qh2 Bg7 20.
Ncd5 e6 21. Qh7 Kf8 22. Nf6 Nxf6 23. gxf6 Bxf6 24. Rxd6 Qc7 25. Rd2 Nxf3 $19 {
0-1 Satyapragyan,S (2403)-Fedorov,A (2608)/New Delhi 2006 (27)}) 9... b5 10. g5
({Other possibilities are:} 10. O-O-O Bb7 11. h4) (10. Nc6 $5 Qc7 11. Nxe7 $1
Bb7 (11... Kxe7 12. g5 $16) 12. g5 b4 13. Ncd5 Nxd5 14. Nxd5 Bxd5 15. Qxd5 O-O
$44 {0-1 Al Sayed,M (2443)-Cheparinov,I (2567)/Andorra 2004 (55)}) (10. h4) (
10. Nce2 $6 Ne5) 10... Nh5 11. Nce2 (11. O-O-O Bb7 12. Nce2 Nb6 (12... d5 $5)
13. Ng3 Nxg3 14. hxg3 d5 15. Nb3 (15. exd5 Qxd5 16. b3 Qe5 17. f4 Qd6 18. Bg2
Nd5 19. Bxd5 Bxd5 20. Rhe1 $11 {1-0 Shirov,A (2726)-Williams,S (2473)/West
Bromwich 2004 (54)}) 15... Na4 16. e5 $5 Bxe5 17. Bd4 $44 {1/2-1/2 Perez
Candelario,M (2495)-Cheparinov,I (2621)/Dos Hermanas 2005 (52)}) (11. a4 bxa4
$13) 11... Bb7 $146 (11... Nc5 12. O-O-O Bb7 13. Ng3 Nxg3 14. hxg3 $14 {
1-0 March Morla,X (2206)-Braga,F (2449)/Cala d'Or 2003 (32)}) 12. Ng3 ({After} 
12. O-O-O {Black can also play} d5 $5) 12... Nxg3 13. hxg3 d5 $1 {Now Black's
chances are not worse.} 14. exd5 Bxd5 15. O-O-O e6 16. Bg2 Ne5 {Black rightly
delays castle short, thus limiting White's active possibilities. For the
moment he has enough ways to improve the position with his king still on e8.}
17. f4 (17. b3 $142 $13) 17... Nc4 18. Qe2 Bxg2 19. Qxg2 Rc8 (19... Nxe3 $2 20.
Qc6+ Ke7 21. Qb7+ Ke8 22. Nc6 Nxd1 23. Rxd1 Qxd1+ 24. Kxd1 $18) 20. Bf2 (20.
Nxe6 Bxb2+ 21. Kb1 Qa5 $17 {[%csl Rb1]}) 20... Qa5 $1 21. a3 (21. Kb1 O-O $15 (
21... Qb4 $6 22. Nb3 Nxb2 (22... O-O 23. Bd4 $16 {[%csl Rh7][%cal Gg2h2]}) (
22... Bxb2 23. Bc5 Rxc5 24. Qa8+ Ke7 25. Qa7+ Kf8 26. Qxc5+ Qxc5 27. Nxc5 $16)
23. Bc5 Rxc5 24. Qa8+ Ke7 25. Qb7+ $18) (21... Nd2+ $5 22. Ka1 Rc4 $1 {[%cal
Ga5a2,Rc4a4]} 23. Qa8+ Kd7 24. Qb7+ Ke8 25. Qb8+ Kd7 26. Qb7+ $11) 22. Nb3 $140
$2 Qa3 $1 23. Bd4 Nxb2 $17) 21... b4 22. Qb7 O-O 23. Qxb4 Qc7 {[%csl Rb2][%cal
Gc8b8] With two open files againt White's king Black has a great compensation
for the pawn. In the game White immediately goes down, but even with the
accurate play Black's chances are preferable.} 24. b3 $2 (24. Qc3 $8 Qb7 $5 $44
) 24... Ne3 $1 $19 25. Rd2 (25. Bxe3 Bxd4 $19) (25. c4 Nxd1 26. Rxd1 Rfd8 $19)
25... a5 26. Qa4 Qc3 27. Rd3 (27. Kb1 Qxd2 $19) 27... Qxd3 0-1